Online
Catalog
Normal view MARC view

Entry Nombre personal

Number of records used in: 140

001 - NÚMERO DE CONTROL

  • campo de control: 29220

003 - IDENTIFICADOR DEL NÚMERO DE CONTROL

  • campo de control: BNPHU

005 - FECHA Y HORA DE LA ÚLTIMA TRANSACCIÓN

  • campo de control: 20240305095411.0

008 - DATOS DE LONGITUD FIJA

  • campo de control de longitud fija: 200615|| aca||aabn | a|a d

040 ## - FUENTE DE LA CATALOGACIÓN

  • Centro catalogador/agencia de origen: DO-SdBNP
  • Lengua de catalogación: spa
  • Centro/agencia transcriptor: BNPHU
  • Normas de descripción: rda

100 1# - ENCABEZAMIENTO-NOMBRE DE PERSONA

  • Nombre de persona: García Escobar, Obdulia de

370 ## - LUGAR ASOCIADO

  • País asociado: España
  • País asociado: República Dominicana

375 ## - GÉNERO/SEXO

  • Género/Sexo: Femenino

377 ## - LENGUA/LENGUAJE ASOCIADO

  • Código del idioma: Español

400 1# - TRAZADO DE VÉASE--NOMBRE DE PERSONA

  • Nombre de persona: De Escobar, Obdulia García

670 ## - FUENTE DE DATOS ENCONTRADOS

  • Cita de la fuente: Work cat.: (OSt)12158: Cívica 3 /, 2000.

670 ## - FUENTE DE DATOS ENCONTRADOS

  • Cita de la fuente: García de Escobar, Obdulia. Laurita, 2013:
  • Información encontrada: portada (Obdulia García de Escobar) p. [4] de portada (nacida en España; ha desarrollado su vida profesional en República Dominicana; fue directora del Departamento de Lenguas Extranjeras, Secretaría de Estado de Educación)

Powered by Koha